000 00706nam a22001697a 4500
008 111108t xxu||||| |||| 00| 0 eng d
020 _a1858051045
050 _aHB61.L56
100 _aOakshoff, Les
245 _aEssential elements of business statistics /
_cLes Oakshoff
260 _aGuernsey:
_bGuernsey Press Co. Ltd.,
_cc1994.
300 _avi, 144 p.:
_bill,
_c28cm.
500 _aIncludes index.
505 _aContents: Survey methods -- Presentation of data -- Summarising data -- Probability and decision making -- The Normal distribution -- Analysis and interpretation of sampling data -- Testing a hypothesis -- Correlation and regression.
650 _aCommercial statistics
942 _2lcc
_cBK
999 _c244
_d7744